000 02363 a2200229 4500
001 16357
005 20260407155458.0
008 260407a2000 arg spa d
003 AR-UNSa-BCEJYS
040 _aAR-UNSa-BCEJYS
_bspa
_cAR-UNSa-BCEJYS
080 _a657.47
_xContabilidad de Costos
245 1 0 _aContabilidad de costos
020 _a968-18-4169-7
264 1 _aMéxico :
_bLimusa
_c2000
300 _a2 v.
_c23 cm.
505 _aVol. I: Principios y práctica: 1. Aspectos administrativos y de organización de la contabilidad de costos - 2. Determinación del costo por órdenes de trabajo - 3. Determinación del costo por procesos - Parte I - 4. Determinación del costo por procesos - Parte II - 5. Contabilidad de productos conjuntos y subproductos - 6. Procesamiento electrónico de datos para la acumulación de costos, informes y control - 7. Contabilidad de los materiales - 8. Determinación de los costos de mano de obra - 9. Costos por gastos indirectos aplicados a los objetivos del costo - 10. Contabilización de los costos de gastos indirectos de fabricación actuales - 11. Contabilidad del costo estándar-Materiales y mano de obra - 12. Contabilidad del costo estándar. Gastos indirectos de fabricación - 13. Consideraciones especiales en la contabilidad de costos estándar - 14. Planeación administrativa mediante el presupuesto - 15. Informes a la dirección para control y evaluación del funcionamiento - 16. Análisis del comportamiento de los costos - 17. Costeo directo - 18. Problemas especiales en el análisis y control de los inventarios - 19. Análisis del costo de distribución - 20. Planeación de la utilidad mediante el análisis de costo-volumen-utilidad - 21. Planes a largo plazo y presupuesto de inversiones - 22. Técnicas de la ciencia de la administración en la planeación del costo - 23. Análisis de costos para fines especiales - 24. Análisis del costo en organizaciones no lucrativas - 25. Resolución de casos especiales de aplicación de costos -- Vol. II: Soluciones de los problemas, respuestas a las preguntas y guía de estudio
942 _cBK
590 _aniveau_biblio:m niveau_hierar:0
100 1 _aNeuner, John J.W.
700 1 _aDeakin III, Edward B.
856 4 1 _uhttps://biblioeco.unsa.edu.ar/pmb/images/libros/Contabilidad de Costos2-l86891.jpg.jpg
_yImagen de portada
_qimage/jpeg
999 _c711
_d711